| 000 | 00527nam a2200193Ia 4500 | ||
|---|---|---|---|
| 999 |
_c31897 _d31897 |
||
| 003 | OSt | ||
| 005 | 20200728104012.0 | ||
| 008 | 190216s9999||||xx |||||||||||||| ||und|| | ||
| 020 | _a8181280997 | ||
| 040 | _coclc | ||
| 082 |
_a510.9 _bSTI/M |
||
| 100 |
_aStillwell, John _93809 |
||
| 245 | 0 |
_aMathematics And Its History / _cJohn Stillwell |
|
| 250 | _a2nd Ed. | ||
| 260 |
_bSpringer, _c2002. _aNew Delhi: |
||
| 300 | _a542p | ||
| 650 | _aMathematics | ||
| 942 |
_cBK _2ddc _h510.9 _iSTI/M _k510.9 _mSTI/M |
||